Skip to content
VuFind
All Fields
Title
Author
Subject
Call Number
ISBN/ISSN
Tag
Find
Advanced
School
Cite this
Print
Export Record
Export to RefWorks
Export to EndNoteWeb
Export to EndNote
Export to MARC
School
Bibliographic Details
Format:
Book
Holdings
Description
Similar Items
Staff View
MARC
LEADER
00000cam a2200000 7i4500
001
0000007217
002
000007762
005
20000330.0
020
|a
0721451608
090
0
0
|a
J 032.02
|b
LAD
245
0
0
|a
School
999
|a
027018
|b
BUKU
|c
PINJAMAN
|e
PERPUSTAKAAN KOMUNITI PETALING JAYA
Similar Items
Shops and markets
by: Thompson, Stephanie
Published: (1976)
The Kingfisher children's encyclopedia
Published: (1991)
Make and do
Published: (1987)
How food begins : Honey
by: Mountfield, Anne
Published: (1989)
The hamlyn book of mysteries
by: Brett, Bernard
Published: (1984)